00762 a2200205 4500999001500000010001400015020002300029035001300052037001500065082001000080100002200090245014800112260004400260270004700304300002700351500002000378700001800398942002900416952011100445 c4703d4703 aENG-86532 a8120332225c350.00 aEN-70065 bDBAD / PUB14a658.31 aVance, Charles M.1 aManaging a global workforce :cby Charles M.Vance [and] Yongsun Paikbchallenges and opportunities in international human resource management / aNew DelhibPrentice Hall of Indiac2007 aM-97, Connaught CircusbNew Delhie110 001 axv, 399 p.c24cm (Pbk) aincludes index1 aPaik, Yongsun adplcEN2ddch658.3mVAN 001040718NFICaDBADbDBADeDBAD/PUBg350.00l0o658.3 VANpEN-70065r2008-09-15 00:00:00t1v350.00yEN